01499cam a2200313 a 450000100060000000300080000600500170001400800410003103500190007204000320009104100080012308200260013110000550015724500720021225000120028426000600029630000360035650000700039250400510046260000270051360000260054065000550056685600880062194200120070999900170072195201490073895201480088795201500103532017BD-RjUL20211209051758.0140423r19561949enka b 001 0 eng d a(BD-RjUL)32106 aDLCcDLCdDLCdBD-RjULbeng aeng00a294.363221bTHL 19561 aThomas, E. J.q(Edward Joseph),d1869-1958.99584914aThe life of Buddha : as legend and history /cby Edward J. Thomas. a3rd ed. aLondon :bRoutledge & Kegan Ltd,c1949 [Reprinted 1956] axxiv, 297 p. :bill. ; c23 cm. aOriginally published: London : Routledge & Kegan Paul Ltd., 1949. aIncludes bibliographical references and index.00aGautama Buddha.99765400aGautama Buddha997655 0aChristianity and other religionsxBuddhism.997459423Publisher descriptionuhttp://www.loc.gov/catdir/description/dover032/99088879.html 2ddccBK c32017d32017 00102ddc40708NFICaRUCLbRUCLcStackd1957-11-25ePak American Councilg24.00l0o294.363 THL 1956r2014-04-23 00:00:00tC-2w2014-04-23yBK 00102ddc40708NFICaRUCLbRUCLcStackd1968-07-05eSweets & Zeitlingerg30.00l0o294.363 THL 1960r2014-04-23 00:00:00tC-3w2021-12-09yBK 00102ddc40718NFICaRUCLbRUCLcReadingd1957-12-06ePublishers Untitledg26.00l0o294.363 THL 1956r2014-04-27 00:00:00tC-1w2014-04-27yBK